LEADER 02732nas a2200541 u 4500 001 000000004986 003 CaOOAMICUS 005 20070226104718.0 008 941219c18909999be qxzp u0 u fre u 022 $a0035-0893 022 $y0035-0393 035 $a10132181 037 $aAbbaye de Maredsous B -5537 Denée (Belgium). 040 $aMBTI$bita$cMBTI$dAIP$dInU$dm/c$dNST$dNSDP$dFU$dDLC$dNST 042 $alc$ansdp 130 0 $aRevue bénédictine$g[Spogli].$0(OLS)http://pul/title/7262 210 0 $aRev. Bénédict. 222 00$aRevue Bénédictine 245 10$aRevue bénédictine. 260 $aAbbaye de Maredsous, Belgique ,$c1890- 300 $av. :$bill. ;$c24 cm 310 $aQuarterly (irregular),$b1900- 321 $aMonthly,$b1890-1899 362 0 $aT. 7, no 1 (janv. 1890)- 500 $aIncludes sections, "Comptes rendus" and "Notes bibliographiques." 500 $aIncludes section, "Bulletin d'histoire bénédictine" -Oct. 1906, which, since Apr. 1907, has been issued as a separately paged supplement. 510 2 $aMLA international bibliography of books and articles on the modern languages and literatures (Complete edition)$x0024-8215 510 2 $aNew Testament abstracts$x0028-6877 510 2 $aOld Testament abstracts$x0364-8591 515 $aVol. 31, no. 1-3 are dated Jan., Apr., July 1914, respectively; no. 4 covers Oct. 1914-1919. 555 $aVols. 1 (1884)-21 (1904). 1 v. (Includes index to journal under its earlier title); Vols. 22 (1905)-54 (1942). 1 v. (Issued as v. 55); Vols. 56 (1945)-80 (1970). 1 v. 610 20$aBenedictines$xPeriodicals.$2//eng$0(OLS)http://pul/subject/4355 650 0$aBenedictines in Belgium$xPeriodicals.$2//eng$0(OLS)http://pul/subject/4356 710 2 $aAbbaye de Maredsous.$0(OLS)http://pul/name/5183 730 0 $aBulletin d'histoire bénédictine.$0(OLS)http://pul/title/7266 770 1 $tBulletin d'histoire bénédictine 770 0 $tBulletin d'ancienne littérature chrétienne latine 780 00$tMessager des fidèles 850 $aPUL 852 $aPUL$W1$xDP1 Riviste Correnti$y15$m3-213/DP 1339 C$j6938$nSE-PRI$bv.17 (1900)-v.54 (1942), v.56 (1945-1946)-$qPeriodici$B6938$CPULBib$Z2$F6938 $82 941 1 $a5 961 $aPrecedente collocazione delle annate correnti: SL255.05 Riv.2 996 $6022$a0035-0893$9(OLS)http://pul/number/6440 996 $6022$y0035-0393$9(OLS)http://pul/number/6441 996 $6210$aRev. Bénédict.$9(OLS)http://pul/title/7263 996 $6222$aRevue Bénédictine$9(OLS)http://pul/title/7264 996 $6245$aRevue bénédictine$9(OLS)http://pul/title/7265 996 $6260$aAbbaye de Maredsous, Belgique $9(OLS)http://pul/publisher/50714 LEADER 01547nam a2200301 i 4500 001 000000136944 003 CaOOAMICUS 005 20140109125041.0 008 140109s1995 xx 000 b ger c 020 $z3 88096 921 3* 040 $aPUG$bita$dPUL 100 1 $aSchmitz, Rudolf Michael,$d1957-$0(OLS)http://pul/name/27087 245 14$aDie Bekenntnisfreiheit im Gemeinstatut der Gläubingen (cc. 208-223) :$bihre Möglichkeiten und Grenzen innerhalb der kanonischen Rechtsordnung /$cRudolf Michael Schmitz. 260 $aSt. Ottilien :$bEos Verlag,$c1995. 300 $axxvii, 140 p.$c21 cm 490 1 $aDissertationen.$aKanonistische Reihe ;$v011 502 $aTesi di Laurea in Diritto Canonico--Kanonistich Institut--Ludwig-Maximilians-Universität, Munchen, 1993. 504 $aQuellen- und Literaturverzeichnis: pp. [xv]-xxvii 650 4$aLibertà religiosa.$0(OLS)http://pul/subject/762 830 0$aDissertationen.$pKanonistische Reihe ;$v011.$0(OLS)http://pul/title/9673 850 $aPUL 852 $aPUL$W1$xDP1 Tesi Varie$y51$mTH VAR 116$j157858$qTesi$B157281$CPULBib$Z2$F157281 $82 941 1 $a16 960 $aLibertà di culto$xConvenzioni internazionali $9762 996 $6020$z3 88096 921 3*$9(OLS)http://pul/number/154273 996 $6245$aDie Bekenntnisfreiheit im Gemeinstatut der Gläubingen (cc. 208-223) :$bihre Möglichkeiten und Grenzen innerhalb der kanonischen Rechtsordnung$9(OLS)http://pul/title/173368 996 $6260$aSt. Ottilien :$bEos Verlag$9(OLS)http://pul/publisher/66979